00307nam a22001337a 4500003000400000020001800004082001800022100001800040245004200058250001000100260003700110300000900147650001700156SGT a9788131248867 a615.321bP17S aSatoskar, RS  aPharmacology and Pharmacotherapeutics a25TH  aNEW DELHIb Elsevier Indiac2017 a1155 aPharmacology